00506nam a2200181Ia 4500008004100000020001800041082000800059100003200067245002300099250000600122260002500128300001000153500002400163650002300187942000700210952009000217999001700307230524s9999 xx 000 0 und d a9788184951332 bPIL aRadhakrishnan Pillai941738 0aCorporate Chanakya a1 a MumbaibJaicoc2015 a316p; aQuantity Number: 1 aMisalliance941739 cBK 00104070aTATCLbTATCLcGENd2023-05-24l0o PILp53423r2023-05-24w2023-05-24yBK c56192d56192